000 00664nam a2200205 a 4500
001 000035112
005 20240513111405.0
008 111025s1944 mx 000 0 spa d
040 _aDO-SdBNP
_bspa
_cBNPHU
082 _a291
_bG347r
100 1 _aGeorge Frazer, James
_960784
245 1 3 _aLa rama dorada :
_bmagia y religión /
_cJames George Frazer.
260 _aMéxico, :
_bFondo de Cultura Económica,
_c1944.
300 _a859 ;
_c22 cm.
504 _aIncluye referencias bibliográficas y notas al pie de las páginas
650 0 _aMitología
_928523
650 0 _aReligión
_91906
650 4 _aMagia
_911033
910 _aValidado. Control de calidad MFF
999 _c34603
_d34603